| 000 | 00679nam a22002057a 4500 | ||
|---|---|---|---|
| 999 |
_c15285 _d15285 |
||
| 003 | OSt | ||
| 082 | _2631.587 BOB/EN | ||
| 088 | _aP 66 | ||
| 100 |
_aBOBBY T _93770 |
||
| 245 | _aEnvironmental control in greenhouses for humid tropics | ||
| 260 |
_aTavanur 1997 _bDepartment of Irrigation and Drainage Engineering |
||
| 300 | _a76 | ||
| 500 | _aEnvironmental control in greenhouses for humid tropics | ||
| 520 | _aEnvironmental control in greenhouses for humid tropics | ||
| 700 |
_aSinija V. R _93771 |
||
| 700 |
_aSuresh A _93772 |
||
| 700 |
_aEr. E. K. Kurien (Guide) _93773 |
||
| 856 | _uhttps://drive.google.com/open?id=1QKXnhDP1_arWr5uUiD5TpuFVWG36a3dR | ||
| 942 | _cPR | ||